Emulsions: Theory and practice (Record no. 31261)

MARC details
000 -LEADER
fixed length control field 00327nam a2200133Ia 4500
082 ## - DEWEY DECIMAL CLASSIFICATION NUMBER
Classification number 541.18.051.3
Item number BEC
100 ## - MAIN ENTRY--AUTHOR NAME
Personal name Becher, Paul
245 #0 - TITLE STATEMENT
Title Emulsions: Theory and practice
250 ## - EDITION STATEMENT
Edition statement Ed.2
260 ## - PUBLICATION, DISTRIBUTION, ETC. (IMPRINT)
Place of publication New York
Name of publisher Kreiger Pub
Year of publication 1977
650 ## - SUBJECT ADDED ENTRY--TOPICAL TERM
Topical Term Emulsion
942 ## - ADDED ENTRY ELEMENTS (KOHA)
Koha item type Books
Holdings
Withdrawn status Lost status Damaged status Not for loan Home library Current library Date acquired Cost, normal purchase price Full call number Accession Number Koha item type
        RRII Library RRII Library 16/12/2021 26.50 541.18.051.3 BEC 11810 Books